| 000 | 01122nac a22003497a 4500 | ||
|---|---|---|---|
| 001 | BR7908406 | ||
| 003 | BR-BrBNA | ||
| 005 | 20240105114549.0 | ||
| 008 | 230509b bl.|||m| |||| 00| 0 por d | ||
| 040 |
_aBR-BrBNA _bpor _cBiblioteca Nacional de Agricultura |
||
| 072 | _aK50; E70; K20 | ||
| 090 | _a4570 BR7908406 | ||
| 100 | 1 | _aCosta Filho, P.P. | |
| 100 | 1 | _aMarn, H.M. | |
| 100 | 1 | _aPergstrom, T. | |
| 110 | 1 |
_aInstituto Brasileiro de Desenvolvimento Florestal, Brasilia, DF. Depto. de Pesquisa _95739 |
|
| 245 | 1 | _aExploracao mecanizada em matas de varzea [madeira, transporte, custo, Amazonia, Brasil] | |
| 260 | 3 |
_aBrasilia, DF (Brasil): _c1979. |
|
| 300 | _a65 p. | ||
| 490 |
_aSerie Tecnica - Instituto Brasileiro de Desenvolvimento Florestal. Depto. de Pesquisa (Brazil) _vno. 1 _x |
||
| 500 | _a27 illus. | ||
| 650 | _aEQUIPAMENTO FLORESTAL | ||
| 650 | _aMADEIRA | ||
| 650 | _aTRANSPORTE | ||
| 650 | _aCUSTO | ||
| 650 | _aINVENTARIO FLORESTAL | ||
| 650 | _aMATA | ||
| 650 | _aVARZEA | ||
| 650 | _aAMAZONIA | ||
| 909 |
_a202312 _bLúcia Elande _c55 _dLúcia Elande |
||
| 942 |
_2AGRIS _n0 _cMS |
||
| 999 |
_c270060 _d270060 |
||